00290nam a2200121Ia 4500008004100000100000900041245004000050260003700090300000700127650001000134942000700144999001700151190216s9999||||xx |||||||||||||| ||und|| aNull 0aHindi-Arshi Dinmem Duniyaka Chakkar bNew Age International Publishers a79 aHindi cBK c15904d15904